00922nabaa22001817a 4500003000400000005001700004008004100021040000700062100002100069245011700090300001300207500003700220505022100257505008900478650002700567650002500594773012100619OSt20260123190237.0190701b xxu||||| |||| 00| 0 spa d cPJ aGarin, Andrés 13aIntervención del Estado en el mercado de capitales a la luz del principio de subsidiariedad /cAndrés Garin. ap. 30-56 aCita: TR LALEY AR/DOC/2573/2023  aSumario: I. Introducción.— II. Capítulo I. El mercado de capitales.— III. Capítulo II. La intervención estatal.— IV. Capítulo III. La intervención en el mercado de capitales.— V. Palabras finales. t¿Te interesa el texto completo? Comunicate al correo: koha@justierradelfuego.gov.ar 0aDERECHO ADMINISTRATIVO 0aMERCADO DE CAPITALES0 02842dBuenos Aires : AbeledoPerrot, 2012-oDA121tDerecho administrativo. Nº 150 noviembre/diciembre 2023z18510590